000 00978nam a2200301Ia 4500
001 A2039
003 IT-RoPAU
008 130308s9999 xx 000 0 und d
040 _aIT-RoPAU
040 _cIT-RoPAU
041 _aFRANCESE
100 _aHester Albert Lee
100 _gCodice Aut. SPICS: 34852
245 _aProblemes du journalisme dans le tiers monde (Les)
245 _bJournalisme et Tiers Monde-Guide Pratique
250 _a1a ed.
260 _aBRUXELLES
260 _bDe Boeck/Wesmael
260 _c1989 [1° Ed.:1989 - Ed.Ling.Originale:1989]
300 _a"9 p. (prefazione: no ; testo: 9 [pagine: 19-27])"
500 _aProblemi del Giornalismo nel terzo Mondo. Necessità di una buona Preparazione. Carenza di Denaro e di Credibilità. Problemi di Supersviluppo. Difficoltà Ad Essere Semplici.
650 _aSAGGI DI GIORNALISMO
650 _eCodice materia Spics: 7061
942 _cBK
957 _71
999 _c60929
_d60929
999 _bSI
999 _g1